000 00497cam a2200193ua 4500
001 11639
008 191014n ii |||gr||||Z||||||eng
020 _a9788177587500
040 _cMAIN
082 _a425
100 _a Randolph Quirk,
_eAuthor.,
245 _aA University Grammar of English
_cBy Randolph Quirk
250 _a18th ed.
260 _aNoida:
_bPearson Education,
_c2018.
300 _a496p.
653 _aEnglish grammar
700 _aSidney Greenbaum,
_eAuthor.,
942 _cBK
999 _c10451
_d10451